Most streamed songs : Red Hot Chili Peppers - Statistics

General Stats
  • This quiz has been taken 162 times
  • The average score is 7 of 10
Answer Stats
Streams Song % Correct
1 467 000 000 Californication
93%
1 444 000 000 Under the Bridge
90%
1 263 000 000 Can't Stop
84%
758 500 000 Dani California
83%
1 099 500 000 Snow (Hey Oh)
77%
1 043 500 000 Otherside
74%
974 000 000 Scar Tissue
74%
511 000 000 By the Way
67%
415 000 000 Give It Away
61%
484 000 000 Dark Necessities
42%
No matching quizzes found
Score Distribution
Percent of People with Each Score
Percentile by Number Answered
Your Score History
You have not taken this quiz